| 000 | 00713nam a22002417a 4500 | ||
|---|---|---|---|
| 005 | 20231012100523.0 | ||
| 008 | 150304b1997 xxu||||| |||| 00| 0 spa d | ||
| 020 | _a8425419697 | ||
| 041 | _aESP | ||
| 082 | _a305.26 A917e | ||
| 100 |
_aAuer, Alfons _914464 |
||
| 245 | _aEnvejecer bien : un estímulo ético teológico | ||
| 260 |
_aEspaña _bHerder _c2007 |
||
| 300 | _a259 páginas | ||
| 650 | _aGERONTOLOGIA | ||
| 650 | _aENVEJECIMIENTO BIOLOGICO | ||
| 650 | _aENVEJECIMIENTO PSIQUICO | ||
| 650 | _aENVEJECIMIENTO SOCIAL | ||
| 650 | _aESPERANZA DE VIDA | ||
| 650 | _aVALORES DEL ENVEJECIMIENTO | ||
| 650 | _aTEOLOGIA DE LA VEJEZ | ||
| 942 |
_cLIT _2ddc |
||
| 999 |
_c3663 _d3663 |
||